Hodnota o ktorej ani nevieme
Moderné marketingové prístupy a produktové inovácie na trhoch EÚ. Príbehy.
Salvato in:
| Autore principale: | |
|---|---|
| Natura: | Capitolo di libro |
| Lingua: | slovacco |
| Soggetti: | |
| Tags: |
Nessun Tag, puoi essere il primo ad aggiungerne!!
|
MARC
| LEADER | 00000nla a2200000 4500 | ||
|---|---|---|---|
| 001 | 0213782 | ||
| 005 | 20240522132651.8 | ||
| 041 | 0 | |a slo | |
| 044 | |a US | ||
| 245 | 1 | 0 | |a Hodnota o ktorej ani nevieme |c Róbert Šlosár |
| 520 | |a Moderné marketingové prístupy a produktové inovácie na trhoch EÚ. Príbehy. | ||
| 610 | 2 | 0 | |a marketing |
| 610 | 2 | 0 | |a komunikácia marketingová |
| 610 | 2 | 0 | |a marketing interaktívny |
| 610 | 2 | 0 | |a nástroje marketingové |
| 610 | 2 | 0 | |a produkty |
| 610 | 2 | 0 | |a hodnota |
| 610 | 2 | 0 | |a skupiny cieľové |
| 100 | 1 | |a Šlosár, Róbert | |